Risk financing / (Record no. 1934)

MARC details
000 -LEADER
fixed length control field 00731nam a2200217 ar4500
001 - CONTROL NUMBER
control field 1936
005 - DATE AND TIME OF LATEST TRANSACTION
control field 20221127090330.0
008 - FIXED-LENGTH DATA ELEMENTS--GENERAL INFORMATION
fixed length control field 100414s xxua 00110 eng d
020 ## - INTERNATIONAL STANDARD BOOK NUMBER
International Standard Book Number 9780894632976(pbk) :
Terms of availability SR765.00
082 04 - DEWEY DECIMAL CLASSIFICATION NUMBER
Classification number 368
Item number B461 2006
100 1# - MAIN ENTRY--PERSONAL NAME
Personal name Berthelsen, Richard G.
245 10 - TITLE STATEMENT
Title Risk financing /
Statement of responsibility, etc. R. Berthelsen, M. Elliott, C. Harrison.
250 ## - EDITION STATEMENT
Edition statement 4th. ed.
260 ## - PUBLICATION, DISTRIBUTION, ETC.
Place of publication, distribution, etc. Malven, PA :
Name of publisher, distributor, etc. American Institute for Chartered Property Casualty,
Date of publication, distribution, etc. 2006.
300 ## - PHYSICAL DESCRIPTION
Extent 1v.(various pagings) :
Other physical details ill. ;
Dimensions 28 cm.
500 ## - GENERAL NOTE
General note Includes bibl. references and index.
650 #4 - SUBJECT ADDED ENTRY--TOPICAL TERM
Topical term or geographic name entry element Risk(Insurance).
650 #4 - SUBJECT ADDED ENTRY--TOPICAL TERM
Topical term or geographic name entry element Risk management.
700 0# - ADDED ENTRY--PERSONAL NAME
Personal name Elliott, Michael W.,
Relator term jt. author.
700 0# - ADDED ENTRY--PERSONAL NAME
Personal name Harrison, Connor M.,
Relator term jt. author.
Holdings
Withdrawn status Lost status Source of classification or shelving scheme Damaged status Not for loan Home library Current library Date acquired Total Checkouts Full call number Barcode Date last seen Copy number Price effective from Koha item type
              11/27/2022   368 B461 2006 1000000006164 11/27/2022 C2 11/27/2022 Book
          CENTRAL CENTRAL 11/27/2022   368 B461 2006 1000000005557 11/27/2022 C1 11/27/2022 Book